000 00548nam a2200193Ia 4500
005 20250508152840.0
008 008 250505s9999 xx 000 0 eng d
037 _aTextual
040 _aFEDL
_beng
_cFEDL
041 _aeng
_2eng
084 _a362.7, MEE
_qFEDL
100 _aMeeks Dorothy R.
_9762559
245 0 _aMaternal and child health
260 _aPaterson
_bLittlefield, Adams and Co.
_c1961
300 _aviii,203p.
700 _a Kalafatich Audrey
_9762560
942 _cTEXL
_h362.7, MEE
999 _c1339180
_d1339180